01473nam a2200301 i 4500001001000000003000900010005001700019007000300036008004100039020001500080040003000095082001400125100004100139245009300180264005500273300002800328336002700356337003300383338002800416500007300444590002800517942001400545952013900559952012700698952013300825952019600958999001701154000022462DO-SdBNP20250205124808.0ta101011s2005 dr r 000 0 spa d a9945410024 aDO-SdBNPbspacBNPHUerda 4bL925d2221 aLozano, Wilfredod1950-eautor9712614aLos dos PRD :braíces sociales y políticas de su presente crisis /cWilfredo Lozano. aSanto Domingo :bLetra Gráfica :bFLACSO,c2005. a103 páginas ;c23 cm. 2rdacontentatextobtxt 2rdamediaasin mediaciónbn 2rdacarrieravolumenbnc aIncluye referencias bibliográficas y notas al pie de las páginas a inventariado, 2024/BT 2ddccLBS1 00102ddc56708DSaBNPHUbBNPHUcCTd2010-10-11l0oBNPHU DS L925dp22462-30r2020-06-25te. 3w2020-06-25yLBS1ZPréstamo en sala 00102ddc51708PDaBNPHUbBNPHUcCTd2010-10-11l0oBNPHU PD L925dp22462-10r2020-06-25w2020-06-25yLBS1ZNo se presta 00102ddc51708PDaBNPHUbBNPHUcCTd2010-10-11l0oBNPHU PD L925dp22462-20r2020-06-25te. 2w2020-06-25yLBS1ZNo se presta 00102ddc56708DSaBNPHUbBNPHUcCTd2024-05-16eDonaciónl0oBNPHU DS L925dp2024-2993r2024-05-16te.4w2024-05-16yLBS1zPerteneció a la biblioteca personal de Emilio Cordero Michel. c21960d21960